[Event "OP-2012-0-02332"]
[Site "LSS email"]
[Date "2012.08.01"]
[Round "?"]
[White "Ederer, Karel"]
[Black "Marziano, Gianfranco"]
[Result "1-0"]
[WhiteElo "2088"]
[BlackElo "1200"]
[PlyCount "51"]
[EventDate "2012.07.30"]
[EventType "tourn (corr)"]
[EventRounds "4"]
[EventCountry "GER"]
[SourceTitle "Telechess CBM 165"]
[Source "ChessBase"]
[SourceDate "2015.03.11"]
[SourceVersion "1"]
[SourceVersionDate "2015.03.11"]
[SourceQuality "1"]

1. e4 e5 2. Nf3 Nc6 3. Bb5 a6 4. Ba4 d6 5. c3 Bg4 6. h3 Bd7 7. d4 Nf6 8. 0-0 Be7 9. Re1 0-0 10. Nbd2 Re8 11. Nf1 h6 12. Ng3 Bf8 13. Bd2 b5 14. Bc2 Na5 15. b3 c5 16. d5 Rb8 17. Qe2 Qc7 18. Be3 Nb7 19. Bd3 g6 20. Rec1 Bg7 21. b4 Rec8 22. a4 c4 23. Bc2 Ra8 24. Qd2 Kh7 25. Bd1 Qd8 26. Ra3 1-0